Every Town of Salem 1 Role - Statistics

General Stats
  • This quiz has been taken 53 times
  • The average score is 45 of 50
Answer Stats
Hint Answer % Correct
Protective Bodyguard
100%
Evil Coven Leader
100%
Evil Executioner
100%
Killing Godfather
100%
Investigative Investigator
100%
Evil Jester
100%
Protective Crusader
97%
Support Escort
97%
Killing Mafioso
97%
Killing Serial Killer
97%
Investigative Sheriff
97%
Investigative Tracker
97%
Protective Trapper
97%
Killing Veteran
97%
Killing Vigilante
97%
Benign Amnesiac
94%
Killing Arsonist
94%
Protective Doctor
94%
Deception Framer
94%
Benign Guardian Angel
94%
Killing Jailor
94%
Benign Survivor
94%
Killing Werewolf
94%
Support Consort
92%
Deception Disguiser
92%
Investigative Lookout
92%
Chaos Pirate
92%
Chaos Plaguebearer
92%
Evil Witch
92%
Killing Ambusher
89%
Evil Hex Master
89%
Support Mayor
89%
Evil Medusa
89%
Evil Potion Master
89%
Support Transporter
89%
Chaos Vampire
89%
Deception Forger
86%
Killing Juggernaut
86%
Chaos Pestilence
86%
Evil Poisoner
86%
Investigative Psychic
86%
Support Consigilere
83%
Support Medium
83%
Deception Hypnotist
81%
Evil Necromancer
81%
Investigative Spy
81%
Deception Janitor
78%
Support Retributionist
78%
Support Blackmailer
72%
Killing Vampire Hunter
69%
No matching quizzes found
Score Distribution
Percent of People with Each Score
Percentile by Number Answered
Your Score History
You have not taken this quiz